[Event "DEM U18 2015"]
[Site "Willingen GER"]
[Date "2015.05.27"]
[Round "6"]
[White "Grigorian, Spartak"]
[Black "Yankelevich, Lev"]
[Result "1/2-1/2"]
[Termination "normal"]
[Board "1"]
[WhiteElo "2311"]
[BlackElo "2401"]
[WhiteClock "00:09:06"]
[BlackClock "00:11:09"]
[PlyCount "84"]
[WhiteFideId "24661490"]
[BlackFideId "24684074"]
[EventCountry "GER"]
[EventRounds "9"]
[EventType "swiss"]
[EventDate "2015.05.23"]

1. d4 Nf6 2. c4 e6 3. Nf3 d5 4. Nc3 Be7 5. Bf4 O-O 6. e3 Nbd7 7. c5 Nh5 8. Bd3
Nxf4 9. exf4 b6 10. b4 a5 11. a3 c6 12. O-O Qc7 13. Ne5 Nxe5 14. fxe5 Ba6 15.
Na4 bxc5 16. bxc5 Rfb8 17. Bxa6 Rxa6 18. Rb1 Bd8 19. f4 Rxb1 20. Qxb1 Ra7 21.
Rf3 Rb7 22. Nb6 g6 23. g4 Qb8 24. Rb3 f6 25. Qc2 Bxb6 26. Qb1 fxe5 27. Rxb6
Rxb6 28. Qxb6 Qa8 29. fxe5 h5 30. h3 hxg4 31. hxg4 a4 32. Kg2 Kg7 33. Qc7+ Kh6
34. Qe7 Qa6 35. Qh4+ Kg7 36. Qe7+ Kh8 37. Kg3 Qf1 38. Kh4 Qc1 39. Qf8+ Kh7 40.
Qf7+ Kh6 41. Qf8+ Kh7 42. Qe7+ Kh8 1/2-1/2

[Event "DEM U18 2015"]
[Site "Willingen GER"]
[Date "2015.05.27"]
[Round "6"]
[White "Kramer, Julian"]
[Black "Xu, Xianliang"]
[Result "0-1"]
[Termination "normal"]
[Board "2"]
[WhiteElo "2322"]
[BlackElo "2117"]
[WhiteClock "00:00:34"]
[BlackClock "00:06:08"]
[PlyCount "191"]
[WhiteFideId "12921742"]
[BlackFideId "4603230"]
[EventCountry "GER"]
[EventRounds "9"]
[EventType "swiss"]
[EventDate "2015.05.23"]

1. e4 c5 2. Nf3 d6 3. d4 cxd4 4. Nxd4 Nf6 5. Nc3 g6 6. Be3 Bg7 7. f3 O-O 8. Qd2
Nc6 9. g4 Nxd4 10. Bxd4 Qa5 11. h4 h5 12. gxh5 Nxh5 13. Bxg7 Kxg7 14. O-O-O Be6
15. a3 Qe5 16. Kb1 Rac8 17. Bd3 Nf4 18. Ne2 Nxd3 19. cxd3 Rh8 20. d4 Qf6 21. d5
Bd7 22. Qd4 Qxd4 23. Nxd4 Rc4 24. Rd3 Kf6 25. b3 Rc5 26. f4 e5 27. dxe6 fxe6
28. Kb2 Ke7 29. Nf3 Rf8 30. e5 d5 31. Rd4 Rfc8 32. Rh2 Rc3 33. Ne1 Rc1 34. Nc2
Rg1 35. a4 Rg4 36. Ne3 Rg3 37. Nf1 Rg1 38. Ne3 Rcc1 39. Rg2 Rxg2+ 40. Nxg2 Rh1
41. Kc3 Rh2 42. Ne3 Rh3 43. Kd3 Rxh4 44. Kc3 Rh3 45. Rd3 d4+ 46. Kxd4 Rh4 47.
Nc4 Rxf4+ 48. Ke3 Rh4 49. Kf2 Bxa4 50. Kg3 g5 51. Nd6 Bc6 52. Nc8+ Kf7 53. Rd8
Rb4 54. Nxa7 Rxb3+ 55. Kg4 Re3 56. Nxc6 bxc6 57. Rc8 Rxe5 58. Rxc6 Kf6 59. Rc8
Re4+ 60. Kf3 Ra4 61. Rc5 Rd4 62. Kg3 Rd5 63. Rc8 Kf5 64. Rf8+ Ke5 65. Kg4 Kd4
66. Re8 Re5 67. Rd8+ Ke4 68. Rd2 Rf5 69. Re2+ Kd5 70. Re1 Kd6 71. Rh1 Re5 72.
Rd1+ Ke7 73. Rh1 Rc5 74. Rh2 Kd6 75. Rd2+ Ke5 76. Rf2 Rc4+ 77. Kxg5 Re4 78. Rd2
Re3 79. Ra2 Rg3+ 80. Kh4 Rg1 81. Ra4 Kf5 82. Kh3 e5 83. Kh2 Rg8 84. Ra1 e4 85.
Rg1 Ra8 86. Kg3 Ra3+ 87. Kf2 Kf4 88. Rg8 Ra2+ 89. Ke1 Kf3 90. Rf8+ Ke3 91. Kf1
Ra1+ 92. Kg2 Ke2 93. Rf2+ Kd3 94. Rf8 e3 95. Rd8+ Ke2 96. Re8 0-1

[Event "DEM U18 2015"]
[Site "Willingen GER"]
[Date "2015.05.27"]
[Round "6"]
[White "Grimm, Julius"]
[Black "Lampert, Jonas"]
[Result "1/2-1/2"]
[Termination "normal"]
[Board "3"]
[BlackTitle "IM"]
[WhiteElo "2108"]
[BlackElo "2442"]
[WhiteClock "00:11:32"]
[BlackClock "00:06:24"]
[PlyCount "47"]
[WhiteFideId "12916986"]
[BlackFideId "1303759"]
[EventCountry "GER"]
[EventRounds "9"]
[EventType "swiss"]
[EventDate "2015.05.23"]

1. d4 d5 2. c4 c6 3. Nf3 Nf6 4. Nc3 dxc4 5. a4 Bf5 6. e3 e6 7. Bxc4 Bb4 8. O-O
O-O 9. Nh4 Bg6 10. Nxg6 hxg6 11. Qc2 Nbd7 12. Be2 Qe7 13. Rd1 e5 14. a5 Rfe8
15. a6 bxa6 16. Bxa6 Nb6 17. Ne2 c5 18. dxe5 Qxe5 19. Bd2 Bxd2 20. Rxd2 Ne4 21.
Rdd1 Rab8 22. Nc3 Nf6 23. Be2 Re7 24. Nb5 1/2-1/2

[Event "DEM U18 2015"]
[Site "Willingen GER"]
[Date "2015.05.27"]
[Round "6"]
[White "Ruff, Maximilian"]
[Black "Kvetny, Mark"]
[Result "0-1"]
[Termination "normal"]
[Board "4"]
[BlackTitle "FM"]
[WhiteElo "2276"]
[BlackElo "2382"]
[WhiteClock "00:01:05"]
[BlackClock "00:02:39"]
[PlyCount "80"]
[WhiteFideId "1271670"]
[BlackFideId "24603929"]
[EventCountry "GER"]
[EventRounds "9"]
[EventType "swiss"]
[EventDate "2015.05.23"]

1. e4 c5 2. Nf3 d6 3. Bb5+ Nd7 4. O-O Ngf6 5. Re1 a6 6. Bd3 g6 7. c3 Ne5 8. Be2
Bg7 9. d4 Nxf3+ 10. Bxf3 O-O 11. a4 Qa5 12. Na3 cxd4 13. cxd4 Bd7 14. Nc4 Qc7
15. b3 Be6 16. d5 Bg4 17. Bxg4 Nxg4 18. Ra2 Ne5 19. Rc2 Rfc8 20. Ree2 Qd8 21.
Nxe5 Bxe5 22. Be3 b5 23. Rc6 bxa4 24. bxa4 Rxc6 25. dxc6 Qa5 26. g3 Rc8 27. Qd5
Qxa4 28. f4 Bc3 29. c7 Rxc7 30. Qa8+ Kg7 31. f5 Bd4 32. Qd5 Qd1+ 33. Kf2 Bxe3+
34. Kxe3 Qg1+ 35. Kd3 f6 36. fxg6 hxg6 37. Rd2 Qf1+ 38. Re2 Qc1 39. Rd2 Rc3+
40. Ke2 Qg1 0-1

[Event "DEM U18 2015"]
[Site "Willingen GER"]
[Date "2015.05.27"]
[Round "6"]
[White "Bilchinski, Anton"]
[Black "Krause, Benedict"]
[Result "0-1"]
[Termination "normal"]
[Board "5"]
[BlackTitle "FM"]
[WhiteElo "2252"]
[BlackElo "2347"]
[WhiteClock "00:20:56"]
[BlackClock "00:15:49"]
[PlyCount "78"]
[WhiteFideId "24615765"]
[BlackFideId "12917990"]
[EventCountry "GER"]
[EventRounds "9"]
[EventType "swiss"]
[EventDate "2015.05.23"]

1. d4 Nf6 2. c4 e6 3. Nc3 Bb4 4. e3 b6 5. Nge2 c5 6. a3 Ba5 7. Rb1 Qe7 8. Bd2
O-O 9. b4 cxb4 10. axb4 Bxb4 11. Rxb4 Qxb4 12. Nd5 Qxc4 13. Nec3 Qxf1+ 14. Kxf1
Nxd5 15. Nxd5 exd5 16. g3 Ba6+ 17. Kg2 Bc4 18. Bb4 Re8 19. h4 Nc6 20. Bd6 a5
21. h5 Re6 22. Ba3 b5 23. Bc1 a4 24. f4 a3 25. f5 a2 26. Bb2 Rxe3 27. Qg4 Re4
28. Qg5 f6 29. Qc1 h6 30. Re1 Rae8 31. Rxe4 Rxe4 32. Ba1 Nb4 33. Qc3 Re2+ 34.
Kh3 Nc2 35. Bb2 b4 36. Qf3 Ne1 37. Qf4 Rxb2 38. Qb8+ Kh7 39. Qe8 Re2 0-1

[Event "DEM U18 2015"]
[Site "Willingen GER"]
[Date "2015.05.27"]
[Round "6"]
[White "Schulz, Lukas"]
[Black "Hecht, Carsten"]
[Result "1/2-1/2"]
[Termination "normal"]
[Board "6"]
[WhiteElo "2151"]
[BlackElo "2289"]
[WhiteClock "00:09:36"]
[BlackClock "00:07:01"]
[PlyCount "51"]
[WhiteFideId "12924881"]
[BlackFideId "24693928"]
[EventCountry "GER"]
[EventRounds "9"]
[EventType "swiss"]
[EventDate "2015.05.23"]

1. e4 c5 2. b4 cxb4 3. d4 Nf6 4. Bd3 e6 5. Nd2 Nc6 6. Ngf3 Be7 7. O-O d5 8. e5
Nd7 9. Re1 O-O 10. Nf1 f6 11. exf6 Bxf6 12. Bb2 Nc5 13. Ng3 Nxd3 14. Qxd3 Bd7
15. Re2 Qe8 16. Rae1 Ne7 17. Qd2 a5 18. a3 Qg6 19. axb4 a4 20. b5 Rfc8 21. Ba3
Nf5 22. c3 b6 23. Ne5 Bxe5 24. Rxe5 Nxg3 25. hxg3 Re8 26. Qe3 1/2-1/2

[Event "DEM U18 2015"]
[Site "Willingen GER"]
[Date "2015.05.27"]
[Round "6"]
[White "Pfreundt, Jakob"]
[Black "Ciolek, Andreas"]
[Result "1-0"]
[Termination "normal"]
[Board "7"]
[WhiteElo "2273"]
[BlackElo "2099"]
[WhiteClock "00:04:33"]
[BlackClock "00:06:10"]
[PlyCount "71"]
[WhiteFideId "12918156"]
[BlackFideId "12906727"]
[EventCountry "GER"]
[EventRounds "9"]
[EventType "swiss"]
[EventDate "2015.05.23"]

1. e4 d6 2. d4 Nf6 3. f3 Nbd7 4. c4 e5 5. Ne2 h5 6. d5 c5 7. Be3 Be7 8. Nbc3 a6
9. Nc1 Nh7 10. Qd2 Bg5 11. Bxg5 Qxg5 12. Qxg5 Nxg5 13. h4 Nh7 14. a3 Ke7 15.
Nd3 Nhf6 16. Rb1 b6 17. Be2 Kd8 18. Kd2 Ng8 19. b4 Kc7 20. Rb2 Ne7 21. Rhb1 Ra7
22. Bd1 f5 23. Ba4 Nf6 24. Bc2 Bd7 25. a4 a5 26. bxc5 bxc5 27. Nf2 Ng6 28. Nh3
fxe4 29. Ng5 Rha8 30. g3 Nf8 31. Bxe4 Ne8 32. Ne6+ Nxe6 33. dxe6 Bc6 34. Bxc6
Kxc6 35. Nd5 Ra6 36. Rb6+ 1-0

[Event "DEM U18 2015"]
[Site "Willingen GER"]
[Date "2015.05.27"]
[Round "6"]
[White "Niegsch, Nicolas"]
[Black "Vöge, Tobias"]
[Result "1-0"]
[Termination "normal"]
[Board "8"]
[WhiteElo "2112"]
[BlackElo "2141"]
[WhiteClock "00:11:00"]
[BlackClock "00:03:56"]
[PlyCount "107"]
[WhiteFideId "12932140"]
[BlackFideId "1270513"]
[EventCountry "GER"]
[EventRounds "9"]
[EventType "swiss"]
[EventDate "2015.05.23"]

1. e4 c5 2. Nf3 Nc6 3. d4 cxd4 4. Nxd4 g6 5. Nc3 Bg7 6. Be3 Nf6 7. Bc4 O-O 8.
Bb3 d6 9. f3 Nxd4 10. Bxd4 Be6 11. Qd2 Qa5 12. O-O-O Rfc8 13. Kb1 b5 14. Rhe1
Bxb3 15. cxb3 b4 16. Bxf6 bxc3 17. Bxc3 Bxc3 18. bxc3 Qxc3 19. Qxc3 Rxc3 20.
Rc1 Rac8 21. Rxc3 Rxc3 22. Rc1 Rxc1+ 23. Kxc1 Kf8 24. Kc2 Ke8 25. Kc3 Kd7 26.
Kc4 Kc6 27. b4 h5 28. h4 f5 29. b5+ Kd7 30. a4 e6 31. g3 e5 32. Kd5 f4 33. gxf4
exf4 34. e5 g5 35. hxg5 h4 36. g6 h3 37. g7 h2 38. g8=Q h1=Q 39. Qe6+ Kd8 40.
Qxd6+ Kc8 41. Qc6+ Kb8 42. Kd6 Qh6+ 43. e6 a5 44. Kd7 Qh7+ 45. e7 Qh3+ 46. Qe6
Qh7 47. Qb6+ Ka8 48. Qd8+ Ka7 49. Qxa5+ Kb8 50. Qb6+ Ka8 51. Qa6+ Kb8 52. Qd6+
Ka8 53. Kd8 Qxe7+ 54. Kxe7 1-0

[Event "DEM U18 2015"]
[Site "Willingen GER"]
[Date "2015.05.27"]
[Round "6"]
[White "Siegert, Gregor"]
[Black "Eichstaedt, Mirko"]
[Result "0-1"]
[Termination "normal"]
[Board "9"]
[WhiteElo "1839"]
[BlackElo "2044"]
[PlyCount "60"]
[WhiteFideId "1271250"]
[BlackFideId "24692310"]
[EventCountry "GER"]
[EventRounds "9"]
[EventType "swiss"]
[EventDate "2015.05.23"]

1. e4 c5 2. Nf3 e6 3. b3 Nc6 4. Bb2 a6 5. Be2 b5 6. O-O Bb7 7. d4 cxd4 8. Nxd4
Qc7 9. Nd2 Nf6 10. Nxc6 dxc6 11. a4 e5 12. f4 Bd6 13. Bd3 h5 14. Qe2 Ng4 15. h3
Bc5+ 16. Kh1 O-O-O 17. g3 exf4 18. Rxf4 Bd6 19. Rf5 Ne5 20. Raf1 f6 21. Rxh5
Rxh5 22. Qxh5 Nxd3 23. cxd3 Bxg3 24. d4 Kb8 25. Nf3 Qe7 26. Rg1 Qxe4 27. Ba3
Bf2 28. Rg2 Bxd4 29. Nxd4 c5 30. Qe2 cxd4 0-1

[Event "DEM U18 2015"]
[Site "Willingen GER"]
[Date "2015.05.27"]
[Round "6"]
[White "Brinkmann, Fabian"]
[Black "Peil, Christoph"]
[Result "0-1"]
[Termination "normal"]
[Board "10"]
[WhiteElo "1972"]
[BlackElo "2227"]
[PlyCount "86"]
[WhiteFideId "24661414"]
[BlackFideId "24651800"]
[EventCountry "GER"]
[EventRounds "9"]
[EventType "swiss"]
[EventDate "2015.05.23"]

1. e4 c5 2. Nf3 Nc6 3. d4 cxd4 4. Nxd4 e5 5. Nb5 d6 6. N1c3 a6 7. Na3 Be7 8.
Nd5 Nf6 9. Nxf6+ Bxf6 10. Nc4 Be7 11. Ne3 Be6 12. Bc4 Bxc4 13. Nxc4 O-O 14. O-O
Rc8 15. Ne3 g6 16. Nd5 Bg5 17. Be3 h6 18. Bb6 Qd7 19. f4 exf4 20. h4 Bxh4 21.
Rxf4 Bg5 22. Nf6+ Bxf6 23. Rxf6 Rfe8 24. Rxd6 Qe7 25. Rd7 Qxe4 26. Rxb7 Ne5 27.
Rc7 Rxc7 28. Bxc7 Nc4 29. Qf1 Ne3 30. Qf2 Nxc2 31. Rf1 Qc4 32. Ba5 Re2 33. Qf6
Qd4+ 34. Qxd4 Nxd4 35. Rf6 Ne6 36. Bc3 Kf8 37. Rf3 Ke7 38. Bf6+ Kd7 39. Ra3 Nf4
40. Rxa6 Rxg2+ 41. Kf1 Rc2 42. a4 g5 43. Be5 Rc1+ 0-1

[Event "DEM U18 2015"]
[Site "Willingen GER"]
[Date "2015.05.27"]
[Round "6"]
[White "Hess, Max"]
[Black "Holtel, Jasper"]
[Result "1-0"]
[Termination "normal"]
[Board "11"]
[WhiteElo "2221"]
[BlackElo "2044"]
[PlyCount "99"]
[WhiteFideId "24656666"]
[BlackFideId "12956376"]
[EventCountry "GER"]
[EventRounds "9"]
[EventType "swiss"]
[EventDate "2015.05.23"]

1. e4 c5 2. Nf3 d6 3. d4 cxd4 4. Qxd4 Nf6 5. Bg5 Nc6 6. Bb5 e5 7. Qd3 a6 8. Ba4
Be7 9. O-O O-O 10. Nc3 Ne8 11. Bxe7 Qxe7 12. Nd5 Qd8 13. Rad1 Kh8 14. Ne3 Qe7
15. Bxc6 bxc6 16. Nc4 Bg4 17. Nxd6 Bxf3 18. Nf5 Qb7 19. Qxf3 g6 20. Qa3 Nf6 21.
Nd6 Qe7 22. Qe3 Qe6 23. b3 Rad8 24. Nc4 Nh5 25. Qc5 f6 26. f3 Nf4 27. Kf2 Kg8
28. Rd6 Rxd6 29. Qxd6 Qxd6 30. Nxd6 Rd8 31. Rd1 Kf8 32. Rd2 Ke7 33. Nc4 Rxd2+
34. Nxd2 Kd6 35. g3 Ne6 36. Ke3 Kc5 37. c3 g5 38. a4 Kd6 39. Kd3 h5 40. b4 h4
41. Nb3 h3 42. Kc4 Ng7 43. Nc5 f5 44. exf5 Nxf5 45. Ne4+ Kd7 46. Kd3 Kc7 47. g4
Nh4 48. Nxg5 Kb6 49. Ke4 a5 50. Kxe5 1-0

[Event "DEM U18 2015"]
[Site "Willingen GER"]
[Date "2015.05.27"]
[Round "6"]
[White "Hoffmann, Tim"]
[Black "Syrov, Arkadi"]
[Result "1/2-1/2"]
[Termination "normal"]
[Board "12"]
[WhiteElo "2102"]
[BlackElo "2051"]
[PlyCount "85"]
[WhiteFideId "12900338"]
[BlackFideId "12942448"]
[EventCountry "GER"]
[EventRounds "9"]
[EventType "swiss"]
[EventDate "2015.05.23"]

1. e4 e5 2. Nf3 Nc6 3. d4 exd4 4. Nxd4 Nf6 5. Nxc6 bxc6 6. e5 Qe7 7. Qe2 Nd5 8.
c4 Ba6 9. b3 g6 10. f4 Bg7 11. Qf2 Nb6 12. Ba3 Qe6 13. Nd2 f6 14. O-O-O O-O-O
15. c5 Bxf1 16. cxb6 axb6 17. Rhxf1 fxe5 18. Rde1 d6 19. fxe5 dxe5 20. Qf7 Qd5
21. Qxd5 cxd5 22. Bb2 Rhe8 23. Nf3 Bh6+ 24. Kc2 e4 25. Nd2 Rd7 26. b4 c5 27.
bxc5 bxc5 28. g4 Kc7 29. h4 Bxd2 30. Kxd2 d4 31. Rc1 Kd6 32. Rf6+ Kd5 33. h5
Rb8 34. Ba3 c4 35. hxg6 hxg6 36. Rxg6 e3+ 37. Ke2 Ra8 38. Rf1 d3+ 39. Kxe3 Re8+
40. Kd2 Re2+ 41. Kc1 Rxa2 42. Bb2 c3 43. Bxc3 1/2-1/2

[Event "DEM U18 2015"]
[Site "Willingen GER"]
[Date "2015.05.27"]
[Round "6"]
[White "Engert, Marvin"]
[Black "Müller, Nils Samuel"]
[Result "1/2-1/2"]
[Termination "normal"]
[Board "13"]
[WhiteElo "1727"]
[BlackElo "1812"]
[PlyCount "53"]
[WhiteFideId "12901164"]
[BlackFideId "24654361"]
[EventCountry "GER"]
[EventRounds "9"]
[EventType "swiss"]
[EventDate "2015.05.23"]

1. e4 c5 2. b3 d6 3. Bb2 Nf6 4. Nc3 a6 5. a4 Nc6 6. f4 e5 7. Bc4 Bg4 8. Be2
Bxe2 9. Ngxe2 Qd7 10. O-O Rd8 11. d3 Nd4 12. Qd2 Be7 13. Nxd4 cxd4 14. Ne2 Nh5
15. c3 dxc3 16. Bxc3 O-O 17. Qb2 Qe6 18. Rf3 exf4 19. Nxf4 Nxf4 20. Rxf4 f6 21.
Raf1 Rc8 22. R4f2 Rc7 23. Ba5 Rc6 24. Rc2 Rxc2 25. Qxc2 Rc8 26. Qb1 d5 27. Bd2
1/2-1/2

[Event "DEM U18 2015"]
[Site "Willingen GER"]
[Date "2015.05.27"]
[Round "6"]
[White "Heldt, Ronny"]
[Black "Schäfer, Marlon"]
[Result "1/2-1/2"]
[Termination "normal"]
[Board "14"]
[WhiteElo "1871"]
[BlackElo "1669"]
[PlyCount "53"]
[WhiteFideId "12903973"]
[BlackFideId "16208773"]
[EventCountry "GER"]
[EventRounds "9"]
[EventType "swiss"]
[EventDate "2015.05.23"]

1. d4 d6 2. Nf3 Bg4 3. e4 Nf6 4. Bd3 c6 5. h3 Bh5 6. c4 Nbd7 7. Nc3 e5 8. d5
Be7 9. Be3 O-O 10. g4 Bg6 11. b4 Rc8 12. Rc1 a5 13. a3 axb4 14. axb4 Qc7 15.
Kf1 b5 16. dxc6 Qxc6 17. cxb5 Qb7 18. Nd5 Nxd5 19. exd5 Qxd5 20. Be2 Qb7 21.
Kg2 d5 22. Bc5 Bxc5 23. bxc5 Rxc5 24. Rxc5 Nxc5 25. Nxe5 d4+ 26. f3 Qd5 27. Nd3
1/2-1/2

[Event "DEM U18 2015"]
[Site "Willingen GER"]
[Date "2015.05.28"]
[Round "7"]
[White "Xu, Xianliang"]
[Black "Grimm, Julius"]
[Result "1/2-1/2"]
[Termination "normal"]
[Board "1"]
[WhiteElo "2117"]
[BlackElo "2108"]
[WhiteClock "00:18:35"]
[BlackClock "00:21:49"]
[PlyCount "48"]
[WhiteFideId "4603230"]
[BlackFideId "12916986"]
[EventCountry "GER"]
[EventRounds "9"]
[EventType "swiss"]
[EventDate "2015.05.23"]

1. e4 c6 2. d4 d5 3. exd5 cxd5 4. c4 Nf6 5. Nc3 Nc6 6. Bg5 dxc4 7. Bxc4 h6 8.
Bh4 Qxd4 9. Qxd4 Nxd4 10. O-O-O e5 11. Nf3 Nxf3 12. Bxf6 gxf6 13. Bb5+ Ke7 14.
Nd5+ Kd8 15. gxf3 Bd6 16. Rd2 Be6 17. Rhd1 Bc5 18. Nb6+ Ke7 19. Nxa8 Rxa8 20.
Rc2 Bb6 21. Bc4 Bf5 22. Bd3 Be6 23. Bc4 Bf5 24. Bd3 Be6 1/2-1/2

[Event "DEM U18 2015"]
[Site "Willingen GER"]
[Date "2015.05.28"]
[Round "7"]
[White "Krause, Benedict"]
[Black "Grigorian, Spartak"]
[Result "1/2-1/2"]
[Termination "normal"]
[Board "2"]
[WhiteTitle "FM"]
[WhiteElo "2347"]
[BlackElo "2311"]
[WhiteClock "00:26:43"]
[BlackClock "01:14:45"]
[PlyCount "40"]
[WhiteFideId "12917990"]
[BlackFideId "24661490"]
[EventCountry "GER"]
[EventRounds "9"]
[EventType "swiss"]
[EventDate "2015.05.23"]

1. e4 e6 2. d4 d5 3. Nc3 Bb4 4. exd5 exd5 5. Bd3 Nf6 6. Nge2 O-O 7. O-O c6 8.
Bg5 Re8 9. a3 Bd6 10. Qd2 Nbd7 11. Rfe1 h6 12. Bf4 Nf8 13. Bxd6 Qxd6 14. Ng3
Bd7 15. Rxe8 Rxe8 16. Re1 Rxe1+ 17. Qxe1 g6 18. Nce2 Kg7 19. Qd2 Ne6 20. h3 b6
1/2-1/2

[Event "DEM U18 2015"]
[Site "Willingen GER"]
[Date "2015.05.28"]
[Round "7"]
[White "Yankelevich, Lev"]
[Black "Lampert, Jonas"]
[Result "1/2-1/2"]
[Termination "normal"]
[Board "3"]
[BlackTitle "IM"]
[WhiteElo "2401"]
[BlackElo "2442"]
[WhiteClock "00:24:29"]
[BlackClock "00:32:33"]
[PlyCount "50"]
[WhiteFideId "24684074"]
[BlackFideId "1303759"]
[EventCountry "GER"]
[EventRounds "9"]
[EventType "swiss"]
[EventDate "2015.05.23"]

1. d4 d5 2. c4 c6 3. Nc3 dxc4 4. e4 b5 5. a4 b4 6. Nb1 Ba6 7. Qc2 Nf6 8. Nd2 b3
9. Qc3 e6 10. Bxc4 Qb6 11. a5 Qb7 12. Qxb3 Qxb3 13. Bxb3 Bb4 14. Bd1 c5 15. Be2
cxd4 16. Ra4 Bxe2 17. Kxe2 Nc6 18. Ngf3 O-O-O 19. Rd1 Bxa5 20. Nc4 Bc7 21. Bg5
h6 22. Bxf6 gxf6 23. b4 Kb7 24. b5 Ne5 25. Nxd4 Nxc4 1/2-1/2

[Event "DEM U18 2015"]
[Site "Willingen GER"]
[Date "2015.05.28"]
[Round "7"]
[White "Kvetny, Mark"]
[Black "Hess, Max"]
[Result "1-0"]
[Termination "normal"]
[Board "4"]
[WhiteTitle "FM"]
[WhiteElo "2382"]
[BlackElo "2221"]
[WhiteClock "00:00:37"]
[BlackClock "00:03:11"]
[PlyCount "83"]
[WhiteFideId "24603929"]
[BlackFideId "24656666"]
[EventCountry "GER"]
[EventRounds "9"]
[EventType "swiss"]
[EventDate "2015.05.23"]

1. d4 Nf6 2. c4 g6 3. Nc3 Bg7 4. e4 d6 5. Be2 O-O 6. Bg5 c5 7. d5 e6 8. Qd2
exd5 9. exd5 Qb6 10. Nf3 Bf5 11. Nh4 Ne4 12. Nxe4 Bxe4 13. f3 h6 14. Bxh6 Bxh6
15. Qxh6 Qxb2 16. O-O Bc2 17. f4 Nd7 18. f5 Qg7 19. Qg5 Qf6 20. Qxf6 Nxf6 21.
Rac1 Be4 22. fxg6 fxg6 23. Bf3 Kg7 24. Bxe4 Nxe4 25. Rfe1 Rae8 26. Nf3 Kf6 27.
Rf1 Kg7 28. Rfe1 Kf6 29. g4 Ng5 30. Kg2 Nxf3 31. Kxf3 Re5 32. h4 Rfe8 33. Rxe5
Rxe5 34. Rb1 Re7 35. a4 b6 36. Ra1 Rh7 37. Rh1 Ke5 38. h5 Kd4 39. hxg6 Rg7 40.
Rh6 Ke5 41. Ke3 Rg8 42. g7 1-0

[Event "DEM U18 2015"]
[Site "Willingen GER"]
[Date "2015.05.28"]
[Round "7"]
[White "Niegsch, Nicolas"]
[Black "Kramer, Julian"]
[Result "1/2-1/2"]
[Termination "normal"]
[Board "5"]
[WhiteElo "2112"]
[BlackElo "2322"]
[WhiteClock "00:10:47"]
[BlackClock "00:25:17"]
[PlyCount "97"]
[WhiteFideId "12932140"]
[BlackFideId "12921742"]
[EventCountry "GER"]
[EventRounds "9"]
[EventType "swiss"]
[EventDate "2015.05.23"]

1. e4 c5 2. Nf3 d6 3. d4 cxd4 4. Nxd4 Nf6 5. Nc3 a6 6. h3 e5 7. Nde2 h5 8. g3
Be6 9. Bg2 Nbd7 10. a4 Be7 11. Be3 Rc8 12. O-O Nb6 13. b3 d5 14. Bxb6 Qxb6 15.
Nxd5 Nxd5 16. exd5 Bd7 17. c4 Qd6 18. Qd3 f5 19. a5 h4 20. Rab1 e4 21. Qd4 Bf6
22. Qe3 hxg3 23. fxg3 Qc5 24. Qxc5 Rxc5 25. Rbc1 Rxa5 26. c5 Rb5 27. c6 bxc6
28. dxc6 Bc8 29. g4 fxg4 30. Bxe4 Re5 31. Bg6+ Ke7 32. Nd4 Kd6 33. c7 Rc5 34.
Nf5+ Bxf5 35. Rxc5 Bd4+ 36. Kg2 gxh3+ 37. Kh1 Bc8 38. Rh5 Bb7+ 39. Kh2 Be5+ 40.
Kxh3 Rxh5+ 41. Bxh5 Kxc7 42. Bf3 Bc8+ 43. Bg4 Bb7 44. Rf7+ Kb6 45. Be6 Bc6 46.
Rf5 Bc3 47. Rf4 a5 48. Kg4 Be5 49. Rc4 1/2-1/2

[Event "DEM U18 2015"]
[Site "Willingen GER"]
[Date "2015.05.28"]
[Round "7"]
[White "Peil, Christoph"]
[Black "Pfreundt, Jakob"]
[Result "1-0"]
[Termination "normal"]
[Board "6"]
[WhiteElo "2227"]
[BlackElo "2273"]
[WhiteClock "00:04:14"]
[BlackClock "00:06:06"]
[PlyCount "113"]
[WhiteFideId "24651800"]
[BlackFideId "12918156"]
[EventCountry "GER"]
[EventRounds "9"]
[EventType "swiss"]
[EventDate "2015.05.23"]

1. c4 e6 2. Nc3 d5 3. d4 Nf6 4. Nf3 Be7 5. Bg5 h6 6. Bh4 O-O 7. e3 b6 8. cxd5
Nxd5 9. Bxe7 Qxe7 10. Nxd5 exd5 11. Bd3 c5 12. dxc5 bxc5 13. O-O Be6 14. Rc1
Nd7 15. Bb1 Qf6 16. e4 dxe4 17. Bxe4 Rab8 18. b3 Rfc8 19. Bd5 Bg4 20. h3 Bh5
21. Be4 Nf8 22. Qd5 Bxf3 23. Bxf3 Qb2 24. Ra1 Qc3 25. Rfc1 Qd4 26. Qc4 Rb4 27.
Qxd4 Rxd4 28. Rc2 g6 29. Rac1 Ne6 30. Bg4 f5 31. Be2 Kg7 32. Bc4 Nf4 33. Ba6
Rc6 34. Bb5 Rb6 35. Bf1 Ne6 36. Bc4 Nc7 37. Re1 Kf6 38. Rce2 Nd5 39. Re8 Nc3
40. Rf8+ Kg5 41. g3 Re4 42. f4+ Kh5 43. Rxe4 fxe4 44. Rc8 Rf6 45. Rxc5+ g5 46.
Bf1 Nxa2 47. f5 g4 48. h4 a6 49. Bg2 e3 50. Be4 Nb4 51. Kf1 a5 52. Ke2 Na6 53.
Rc6 Rxc6 54. Bxc6 Nc7 55. Kxe3 a4 56. bxa4 Nd5+ 57. Kd4 1-0

[Event "DEM U18 2015"]
[Site "Willingen GER"]
[Date "2015.05.28"]
[Round "7"]
[White "Hecht, Carsten"]
[Black "Ruff, Maximilian"]
[Result "0-1"]
[Termination "normal"]
[Board "7"]
[WhiteElo "2289"]
[BlackElo "2276"]
[WhiteClock "00:02:40"]
[BlackClock "00:51:33"]
[PlyCount "50"]
[WhiteFideId "24693928"]
[BlackFideId "1271670"]
[EventCountry "GER"]
[EventRounds "9"]
[EventType "swiss"]
[EventDate "2015.05.23"]

1. e4 c5 2. Nf3 e6 3. d4 cxd4 4. Nxd4 a6 5. Bd3 Nc6 6. Nxc6 dxc6 7. O-O e5 8.
Nc3 Nf6 9. Kh1 Bc5 10. f4 Ng4 11. Qe1 h5 12. f5 Qe7 13. Qg3 Bd7 14. Be2 O-O-O
15. Bxg4 hxg4 16. Qxg4 g6 17. f6 Qd6 18. Qg3 Rh5 19. Bg5 Rdh8 20. Rad1 Qe6 21.
Be3 Rxh2+ 22. Kg1 Qg4 23. Rf3 Bxe3+ 24. Rxe3 Rh1+ 25. Kf2 Rxd1 0-1